000 00395nam a22001457a 4500
003 LK-CoMWRAF
005 20260312143912.0
008 231212b |||||||| |||| 00| 0 eng d
040 _aLK-CoMWRAF
_dLK-CoMWRAF
_eLK-CoMWRAF
041 _atam
082 _a823
_bKAM
245 _aசுமைகள்
260 _aColombo :
_bMuslim Women's Research and Action Forum - MWRAF,
_c1993
942 _cBK
999 _c4359
_d4359